Contabilidad de activos con enfoque NIIF para pymes (Registro nro. 8450)
[ vista simple ]
| 000 -CABECERA | |
|---|---|
| campo de control de longitud fija | 01009nam a22003377a 4500 |
| 005 - FECHA Y HORA DE ACTUALIZACIÓN | |
| campo de control | 20160929153545.0 |
| 008 - LONGITUD FIJA | |
| campo de control de longitud fija | 160929b xxu||||| |||| 00| 0 spa d |
| 020 ## - INTERNATIONAL STANDARD BOOK NUMBER | |
| Número Internacional Estándar del Libro | 9789587712803 |
| 041 ## - IDIOMA | |
| Código de idioma del texto/pista de sonido o título separado | |
| 082 ## - CLASIFICACIÓN DECIMAL DEWEY | |
| Número de clasificación | 657 F465c |
| 100 ## - AUTOR PERSONAL | |
| Nombre de persona | Fierro Martínez, Ángel María |
| 100 ## - AUTOR PERSONAL | |
| Nombre de persona | Fierro Celis, Fernando Adolfo |
| 245 ## - TÍTULO PROPIAMENTE DICHO | |
| Título | Contabilidad de activos con enfoque NIIF para pymes |
| 250 ## - EDICIÓN | |
| Mención de edición | 3 edición |
| 260 ## - PIE DE IMPRENTA | |
| Lugar de publicación, distribución, etc. | Colombia |
| Nombre del editor, distribuidor, etc. | Ecoe Ediciones |
| Fecha de publicación, distribución, etc. | 2015 |
| 300 ## - DESCRIPCIÓN FÍSICA | |
| Extensión | 434 paginas |
| 650 ## - Materia General | |
| Materia general | CONTABILIDAD |
| 650 ## - Materia General | |
| Materia general | ACTIVOS |
| 650 ## - Materia General | |
| Materia general | PEQUEÑA Y MEDIANA EMPRESA |
| 650 ## - Materia General | |
| Materia general | ESTADOS FINANCIEROS |
| 650 ## - Materia General | |
| Materia general | EFECTIVO |
| 650 ## - Materia General | |
| Materia general | INSTRUMENTOS FINANCIEROS |
| 650 ## - Materia General | |
| Materia general | DEUDORES |
| 650 ## - Materia General | |
| Materia general | INVENTARIOS |
| 650 ## - Materia General | |
| Materia general | PROPIEDADES DE INVERSIÓN |
| 650 ## - Materia General | |
| Materia general | INTANGIBLES |
| 650 ## - Materia General | |
| Materia general | PLUSVALÍA |
| 650 ## - Materia General | |
| Materia general | ACTIVOS DIFERIDOS |
| 650 ## - Materia General | |
| Materia general | CUENTAS DE ORDEN |
| 942 ## - Punto de Acceso Adicional Koha | |
| Tipo de ítem Koha | Libro |
| Estado perdido | Estado dañado | No para préstamo | Biblioteca permanente | Biblioteca actual | Signatura completa | Código de barras | Precio efectivo a partir del | Tipo de ítem |
|---|---|---|---|---|---|---|---|---|
| Departamento de Biblioteca y Documentación Alfonso Chase Brenes | Departamento de Biblioteca y Documentación Alfonso Chase Brenes | 657 F465c | 21359 | 29/09/2016 | Libro | |||
| Departamento de Biblioteca y Documentación Alfonso Chase Brenes | Departamento de Biblioteca y Documentación Alfonso Chase Brenes | 657 F465c | 21712 | 16/03/2017 | Libro |